000 00312nam a22001337a 4500
008 171016b xxu||||| |||| 00| 0 eng d
020 _a9780262611350
041 _aeng
080 _a33
100 _a52
101 _aEKO
245 _aDEVELOPMENT, GEOGRAPHY, AND ECONOMIC THEORY
_cKRUGMAN, P
942 _2udc
_cBK
999 _c34139
_d34139